[Event "Tatry Open"]
[Site "Tatranske Zruby SVK"]
[Date "2004.10.01"]
[Round "8"]
[White "Mlynek,P"]
[Black "Poloch,P"]
[Result "1/2-1/2"]
[WhiteElo "2190"]
[BlackElo "2291"]

1.d4 Nf6 2.c4 e6 3.g3 c5 4.Nf3 cxd4 5.Nxd4 Qc7 6.Nc3 a6 7.Bg5 Be7 8.Rc1 O-O
9.Bg2 h6 10.Bd2 Nc6 11.Nxc6 bxc6 12.O-O Rb8 13.Qc2 d6 14.e4 e5 15.h3 Nd7
16.Na4 Re8  1/2-1/2

[Event "WYb18"]
[Site "Heraklio GRE"]
[Date "2004.11.06"]
[Round "4"]
[White "Cifka,S"]
[Black "Kuljasevic,D"]
[Result "0-1"]
[WhiteElo "2310"]
[BlackElo "2410"]

1.d4 Nf6 2.c4 e6 3.g3 c5 4.Nf3 cxd4 5.Nxd4 Nc6 6.Bg2 Bc5 7.Nb3 Be7 8.Nc3 O-O
9.O-O d6 10.e4 a6 11.Bf4 e5 12.Be3 Ng4 13.Nd5 Nxe3 14.fxe3 Be6 15.Qd3 a5
16.Nd2 Nb4 17.Qb3 Bxd5 18.exd5 Na6 19.Kh1 Nc5 20.Qc3 f5 21.e4 f4 22.gxf4 exf4
23.e5 dxe5 24.Qxe5 Bd6 25.Qd4 Qh4 26.Nf3 Qh5 27.Rae1 Rae8 28.Rxe8 Rxe8 29.Re1 Rxe1+
30.Nxe1 Qe2 31.Nf3 Ne4 32.h3 Ng3+ 33.Kg1 Nf5 34.Qf2 Qxc4 35.Nd2 Qc1+ 36.Nf1 Bc5  0-1

[Event "TCh-SWE Elitserien 2004-5"]
[Site "Skara SWE"]
[Date "2004.11.06"]
[Round "2"]
[White "Olsson,L"]
[Black "Eriksson,Joh"]
[Result "1/2-1/2"]
[WhiteElo "2289"]
[BlackElo "2423"]

1.d4 Nf6 2.c4 e6 3.g3 c5 4.d5 exd5 5.cxd5 b5 6.Bg2 d6 7.Nf3 g6 8.O-O Bg7
9.e4 Bb7 10.a4 O-O 11.axb5 Nxe4 12.Nfd2 Nxd2 13.Nxd2 a6 14.Qb3 Nd7 15.Nc4 axb5
16.Rxa8 Bxa8 17.Qxb5 Ne5 18.b4 Qb8 19.Qxb8 Rxb8 20.Nxe5 Bxe5 21.bxc5 dxc5
22.Be3 c4 23.Rc1 c3 24.d6 Bxg2 25.Kxg2 Rd8 26.Bc5 Bxd6  1/2-1/2

[Event "TCh-AUT"]
[Site "Graz AUT"]
[Date "2004.11.19"]
[Round "1"]
[White "Prusikin,M"]
[Black "Hertneck,G"]
[Result "1/2-1/2"]
[WhiteElo "2525"]
[BlackElo "2552"]

1.d4 Nf6 2.c4 e6 3.g3 c5 4.Nf3 b6 5.Bg2 Bb7 6.d5 exd5 7.Nh4 g6 8.Nc3 Bg7
9.O-O Na6 10.Nxd5 Nxd5 11.Bxd5 Bxd5 12.Qxd5 O-O 13.Bg5 Qe8 14.Qd2 Nb4 15.Ng2 Qe6
16.Rfc1 Rfe8 17.Be3 Qe5 18.a3 Nc6 19.Rc2 Nd4 20.Bxd4 cxd4 21.Qf4 d6 22.Ne1 Rac8
23.Nd3 Qxf4 24.Nxf4 b5 25.Rac1 bxc4 26.Rxc4 Rxc4 27.Rxc4 g5 28.Nh5 Rxe2 29.Nxg7 Kxg7
30.Rxd4 Rxb2 31.Rxd6 Rb6 32.Rd5 Kg6 33.Ra5 a6 34.g4 h5 35.h4 gxh4 36.gxh5+ Kh6
37.Rf5 Rb5 38.Rxf7 Kxh5 39.Kg2 Rb3 40.Rf5+ Kg4 41.Ra5 h3+ 42.Kh2 Rb6 43.Rc5  1/2-1/2

[Event "17th Belgrade Trophy"]
[Site "Obrenovac SCG"]
[Date "2004.11.27"]
[Round "6"]
[White "Rodic,Dr"]
[Black "Panic,Ne"]
[Result "0-1"]
[WhiteElo "2170"]
[BlackElo "2347"]

1.d4 Nf6 2.g3 e6 3.c4 c5 4.d5 exd5 5.cxd5 d6 6.Nc3 g6 7.Bg2 Bg7 8.Nh3 O-O
9.Nf4 Nbd7 10.h4 a6 11.a4 Qa5 12.Bd2 Ne5 13.Ne4 Qc7 14.Nxf6+ Bxf6 15.Bc3 Bf5
16.O-O b5 17.e4 Bg4 18.f3 Bd7 19.Nd3 b4 20.Bxe5 dxe5 21.Rc1 c4 22.b3 Qb6+
23.Nf2 cxb3 24.Qxb3 Rfc8 25.Kh2 Rxc1 26.Rxc1 Qxf2 27.Qxb4 Kg7 28.Rc7 Ra7
29.d6 Bd8 30.Qb8 Bxc7 31.dxc7 Qc5  0-1

[Event "HSK IM"]
[Site "Hamburg GER"]
[Date "2005.01.02"]
[Round "1"]
[White "Kopylov,M"]
[Black "Trisic,A"]
[Result "1-0"]
[WhiteElo "2430"]
[BlackElo "2295"]

1.d4 Nf6 2.c4 e6 3.g3 c5 4.Nf3 cxd4 5.Nxd4 Qb6 6.Bg2 Bc5 7.e3 Nc6 8.Nb3 Bb4+
9.N3d2 d5 10.O-O O-O 11.a3 Be7 12.Nc3 Rd8 13.Qc2 d4 14.Na4 Qc7 15.e4 e5 16.b4 Bd7
17.Nb2 Rac8 18.Nd3 Nb8 19.Nf3 b5 20.Ndxe5 bxc4 21.Bf4 Bd6 22.Rac1 Be6 23.Rfd1 g5
24.Bxg5 Bxe5 25.Nxe5 Qxe5 26.f4 Qb5 27.Bxf6 Bg4 28.Bxd8 Bxd1 29.Qxd1 Rxd8
30.Qg4+ Kh8 31.Qh4 Qb6 32.e5 d3+ 33.Kh1 d2 34.Rd1 c3 35.Be4 h6 36.Qe7 Kg8
37.e6  1-0

[Event "Open"]
[Site "Geneva SUI"]
[Date "2005.01.24"]
[Round "3"]
[White "Raetsky,A"]
[Black "Palac,M"]
[Result "1/2-1/2"]
[WhiteElo "2459"]
[BlackElo "2575"]

1.d4 Nf6 2.c4 e6 3.g3 c5 4.Nf3 cxd4 5.Nxd4 Qc7 6.b3 Bb4+ 7.Bd2 Bc5 8.Bc3 Ne4
9.Bg2 Nxc3 10.Nxc3 Nc6 11.e3 Qe5 12.Nde2 O-O 13.O-O a6 14.a3 Be7  1/2-1/2

[Event "ch-FRA Top 16 GpB"]
[Site "Vandoeuvre FRA"]
[Date "2005.02.04"]
[Round "1"]
[White "Lefebvre,H"]
[Black "Leconte,M"]
[Result "1/2-1/2"]
[WhiteElo "2222"]
[BlackElo "2287"]

1.d4 e6 2.c4 Nf6 3.g3 c5 4.Nf3 d5 5.cxd5 exd5 6.Nc3 Nc6 7.Bg2 Be7 8.O-O O-O
9.Bg5 c4 10.Ne5 Be6 11.b3 Qa5 12.Na4 Rfd8 13.Nxc6 bxc6 14.Qc2 Rac8 15.Rfd1 c5
16.dxc5 Bxc5 17.Nxc5 Qxc5 18.Bxf6 gxf6 19.e3 Kg7 20.Rd4 cxb3 21.Qxb3 Qa5
22.a3 Rc3 23.Qb4 Qc7 24.Rad1 Rb8 25.Qa4 Qc5 26.Bxd5 Rxa3 27.Qc4 Qxc4 28.Bxc4 Bxc4
29.Rxc4 Rb7 30.Rg4+ Kf8  1/2-1/2

[Event "XII TCh-RUS 1st League"]
[Site "Smolensk RUS"]
[Date "2005.02.07"]
[Round "6"]
[White "Smirnov,Ar"]
[Black "Ivanov,Al3"]
[Result "1-0"]
[WhiteElo "2409"]
[BlackElo "2350"]

1.d4 Nf6 2.c4 e6 3.g3 c5 4.Nf3 b6 5.Bg2 Bb7 6.d5 exd5 7.Nh4 g6 8.Nc3 Bg7
9.O-O O-O 10.cxd5 d6 11.e4 Nbd7 12.a4 Re8 13.Re1 a6 14.f4 c4 15.Be3 Rc8 16.Kh1 Nc5
17.Bg1 Nd3 18.Re2 Nh5 19.Nf3 Nxb2 20.Rxb2 Bxc3 21.Rxb6 Bxa1 22.Rxb7 Bc3 23.Bb6 Qf6
24.Ng5 Re7 25.e5 Qxg5 26.fxg5 Rxb7 27.a5 Bxe5 28.Bh3 Ra8 29.Qa4 c3 30.Qc6 Rbb8
31.Bd7 h6 32.g4 Nf4 33.gxh6 Nd3 34.Qc4 Nb2 35.Qe4 Rxb6 36.axb6 Rb8 37.Be6 Kf8
38.h7 Kg7 39.Qf3 fxe6 40.dxe6 Nc4 41.Qf7+ Kh6 42.Qc7 Rxb6 43.Qxc4 Rb1+ 44.Kg2 Kxh7
45.e7 Rb8 46.Kf3  1-0

[Event "Aeroflot Open B"]
[Site "Moscow RUS"]
[Date "2005.02.22"]
[Round "8"]
[White "Evdokimov,Alexa"]
[Black "Ibrahimov,R"]
[Result "0-1"]
[WhiteElo "2463"]
[BlackElo "2501"]

1.d4 Nf6 2.c4 e6 3.g3 c5 4.d5 exd5 5.cxd5 b5 6.Bg2 d6 7.e4 Nbd7 8.Nh3 g6
9.O-O Bg7 10.Qe2 O-O 11.Bf4 Re8 12.Qc2 Ne5 13.Nd2 Nh5 14.Bg5 f6 15.Bf4 Nxf4
16.Nxf4 Qe7 17.Rfe1 Rb8 18.a4 a6 19.axb5 axb5 20.Nb3 g5 21.Ne2 Bg4 22.Nd2 h5
23.h3 Bc8 24.Nf1 g4 25.h4 Bh6 26.Nf4 Qf7 27.b3 f5 28.Ne3 Bxf4 29.gxf4 Ng6
30.Nxf5 Bxf5 31.exf5 Rxe1+ 32.Rxe1 Nxh4 33.Re6 Qxf5 34.Be4 Qxf4 35.Bh7+ Kf7
36.Qe2  0-1

[Event "76th ch-GER"]
[Site "Altenkirchen GER"]
[Date "2005.02.23"]
[Round "6"]
[White "Meins,G"]
[Black "Kraemer,Mar"]
[Result "0-1"]
[WhiteElo "2440"]
[BlackElo "2357"]

1.d4 Nf6 2.c4 e6 3.g3 c5 4.Nf3 cxd4 5.Nxd4 Qc7 6.Nc3 Bb4 7.Qd3 Nc6 8.Nb5 Qa5
9.Bf4 e5 10.Bg5 a6 11.Nd6+ Bxd6 12.Bxf6 Bb4 13.Bxg7 Rg8 14.Bh6 d5 15.Bd2 dxc4
16.Qxh7 Ne7 17.Bh3 Bxh3 18.Qxh3 Rd8 19.O-O-O Rd4 20.Qh7 Rg6 21.f4 Rxd2 22.Kxd2 Bxc3+
23.bxc3 Rd6+ 24.Ke1 Rxd1+ 25.Kxd1 Qd5+  0-1

[Event "NWAPA Rector Cup"]
[Site "St Petersburg RUS"]
[Date "2005.03.10"]
[Round "10"]
[White "Korniushin,N"]
[Black "Ivanov,Al3"]
[Result "1/2-1/2"]
[WhiteElo "2454"]
[BlackElo "2350"]

1.d4 Nf6 2.c4 e6 3.g3 c5 4.Nf3 cxd4 5.Nxd4 Qc7 6.Nd2 Nc6 7.Nb5 Qb8 8.Bg2 a6
9.Nc3 Bb4 10.Qc2 O-O 11.a3 Be7 12.b4 b5 13.O-O bxc4 14.Nxc4 d5 15.Bf4 Qa7
16.Ne5 Nxe5 17.Bxe5 Bb7 18.e3 Rac8 19.Qb2 Bc6 20.a4 Bb7 21.b5 Qa8 22.Ne2 Rc4
23.Rfc1 Rfc8 24.Rxc4 Rxc4 25.Nd4 Nd7 26.Bxg7 Rb4 27.Qc3 Rc4 28.Qb2 Rb4 29.Qc3  1/2-1/2

[Event "Spring Festival"]
[Site "Budapest HUN"]
[Date "2005.03.19"]
[Round "2"]
[White "Hilmer,F"]
[Black "Mottonen,A"]
[Result "1/2-1/2"]
[WhiteElo "2216"]
[BlackElo "2081"]

1.d4 Nf6 2.c4 e6 3.g3 c5 4.Nf3 cxd4 5.Nxd4 Bb4+ 6.Bd2 Qb6 7.Bxb4 Qxb4+ 8.Qd2 Qxc4
9.Nc3 Nc6 10.Ndb5 O-O 11.Nd6 Qd4 12.Rd1 Qxd2+ 13.Rxd2 Rd8 14.Bg2 Kf8 15.O-O Ne8
16.Nxe8 Kxe8 17.Nb5 Ke7 18.Nd6 Rb8 19.Rfd1 f6 20.a3 Ne5 21.f4 Ng4 22.Rd3 b6
23.b4 Nh6 24.Rc3 Nf7 25.Nxf7 Kxf7 26.Rc7 a6 27.e4 Rb7 28.Rdc1 Rxc7 29.Rxc7 b5
30.e5 Ke7 31.Kf2 fxe5 32.fxe5 Rf8+ 33.Ke3 Kd8 34.Rc5 g5 35.Be4 h5 36.Rc1 Rg8
37.Bd3 h4 38.Rg1 hxg3 39.hxg3 Kc7 40.Rc1+ Kb6 41.Rd1 Rh8 42.Be4 Rf8 43.Rh1 Bb7
44.Rh7 Bxe4 45.Kxe4 Kc6 46.Rg7 Rf5 47.Rg8 Kc7 48.Ra8 Kb7 49.Rd8 Kc7  1/2-1/2

[Event "Extraliga CZE 2004-5"]
[Site "Czech Rep CZE"]
[Date "2005.04.16"]
[Round "10"]
[White "Jirka,J"]
[Black "Matlak,M"]
[Result "0-1"]
[WhiteElo "2383"]
[BlackElo "2473"]

1.d4 e6 2.c4 Nf6 3.g3 c5 4.d5 exd5 5.cxd5 d6 6.Nc3 Be7 7.Bg2 O-O 8.Nf3 Re8
9.O-O Bf8 10.h3 Na6 11.Re1 Ne4 12.Nxe4 Rxe4 13.Nd2 Re8 14.e4 Bd7 15.f4 Nb4
16.Bf1 Qf6 17.a3 Qd4+ 18.Kg2 Nd3 19.Bxd3 Qxd3 20.Qe2 Qxe2+ 21.Rxe2 f5 22.a4 b6
23.b3 Bc8 24.Bb2 Bb7 25.e5 dxe5 26.Rxe5 Rxe5 27.Bxe5 Rd8 28.Kf2 Bxd5 29.Re1 Bg2
30.Kxg2 Rxd2+ 31.Kf3 Rd3+ 32.Re3 Rxe3+ 33.Kxe3 a6 34.Kd3 b5 35.axb5 axb5
36.Bc3 Kf7 37.Ba5 Ke6 38.Bb6 Kd5 39.Bc7 h5 40.Be5 g6 41.Bf6 Ke6 42.Bg5 Bg7
43.Bd8 Kd5 44.Bb6 Bd4  0-1

[Event "3rd V Nabokov Mem"]
[Site "Kiev UKR"]
[Date "2005.04.26"]
[Round "9"]
[White "Khamitskiy,S"]
[Black "Matorin,E"]
[Result "1-0"]
[WhiteElo "2330"]
[BlackElo "2311"]

1.d4 Nf6 2.c4 e6 3.g3 c5 4.d5 exd5 5.cxd5 d6 6.Nc3 Be7 7.Bg2 O-O 8.Nf3 Re8
9.O-O Bf8 10.Nd2 Nbd7 11.a4 a6 12.Nc4 Rb8 13.a5 Qc7 14.h3 g6 15.Re1 b5 16.axb6 Nxb6
17.Na5 Bd7 18.e4 Bg7 19.Bf4 Nc8 20.Nc4 Nh5 21.Bd2 Rb4 22.b3 Qb8 23.Ra3 Nb6
24.Na5 Rd4 25.Qc2 Qc8 26.Ne2 Bxh3 27.Nxd4 Bxd4 28.Be3 Bxg2 29.Kxg2 Qg4 30.Bxd4 Nf4+
31.Kg1 cxd4 32.Qd1 Qxd1 33.Rxd1 Ne2+ 34.Kf1 Nc3 35.Rxd4 Nb5 36.Rb4 Nxa3 37.Rxb6 Rxe4
38.Rxd6 Nb5 39.Rd8+ Kg7 40.d6 Rd4 41.d7 Kf6 42.Nc6 Rd1+ 43.Ke2 Nc3+ 44.Kf3 Rd3+
45.Kg2 Ne4 46.Re8 Rxd7 47.Rxe4 Rd6 48.Na5 Rb6 49.Re3 h5 50.Kf3 Kf5 51.Nc4 Rb8
52.Nd6+ Kf6 53.Ne4+ Kf5 54.Nc5 Ra8 55.Re7 Kf6 56.Re4 Kf5 57.Ra4 Rc8 58.Ra5 Kf6
59.Rxa6+  1-0

[Event "ch-FRA Top 16 Poule Haute"]
[Site "Port Barcares FRA"]
[Date "2005.05.04"]
[Round "8"]
[White "Verat,L"]
[Black "Leconte,M"]
[Result "0-1"]
[WhiteElo "2340"]
[BlackElo "2287"]

1.d4 Nf6 2.c4 e6 3.g3 c5 4.d5 exd5 5.cxd5 d6 6.Nc3 g6 7.Bg2 Bg7 8.Nf3 O-O
9.O-O a6 10.a4 Re8 11.Re1 Ne4 12.Nxe4 Rxe4 13.Qc2 Re8 14.e4 Nd7 15.Bf4 Qe7
16.Rad1 Qf8 17.a5 b5 18.axb6 Rb8 19.b4 Rxb6 20.bxc5 Nxc5 21.e5 Bf5 22.Qc4 Rc8
23.Qe2 Ne4 24.Qe3 Rb2 25.Nd2 Nc3 26.Rc1 dxe5 27.Bxe5 Bxe5 28.Qxe5 Qc5 29.Red1 Bc2
30.Re1 Bf5 31.Red1 Bc2 32.Re1 Bd3 33.Red1 Ne2+ 34.Kh1 Rc2 35.Rxc2 Qxc2 36.Qa1 Nc3
37.Rc1 Qxd2 38.d6 Bf5 39.Bb7 Rc4 40.Bxa6 Be4+  0-1

[Event "23rd Liechtenstein Open"]
[Site "Triesen LIE"]
[Date "2005.05.04"]
[Round "6"]
[White "Baumgartner,W"]
[Black "Srienz,C"]
[Result "0-1"]
[WhiteElo "2110"]
[BlackElo "2285"]

1.d4 Nf6 2.c4 e6 3.g3 c5 4.Nf3 cxd4 5.Nxd4 Qc7 6.Nc3 a6 7.e4 Bb4 8.Qd3 b6
9.Bg2 Bb7 10.Bd2 O-O 11.O-O Nc6 12.Nxc6 dxc6 13.Rac1 a5 14.Qe2 Nd7 15.f4 e5
16.f5 Rfd8 17.Be3 a4 18.g4 Bf8 19.g5 Nc5 20.Rf3 Nd3 21.Rcf1 Ba6 22.Rh3 g6
23.Qg4 Bxc4 24.Qh4 h6 25.gxh6 Kh7 26.Rg3 Be7 27.Bg5 Bc5+ 28.Kh1 Nf2+ 29.Rxf2 Bxf2
30.Bxd8 Qxd8 31.fxg6+ fxg6 32.Qxd8 Rxd8 33.Rf3 Rd2 34.Bh3 Rxb2 35.Rf6 Bb5
36.Bd7 Bd4 37.Nxb5 cxb5 38.Be8 g5 39.Bd7 Rf2 40.Bf5+ Rxf5 41.exf5 b4 42.Rc6 b3
43.axb3 axb3 44.Rc1 Kxh6 45.Kg2 b2 46.Rb1 Kg7 47.Kf3 Kf6 48.Ke4 b5 49.h3 b4
50.Rf1 Bc3 51.Rb1 Ke7 52.Kd5 Kf7 53.Ke4 Kf6 54.Kd5 Kxf5 55.Rf1+ Kg6 56.Rb1 Kh5
57.Ke4 Kh4 58.Kf3 b3 59.Ke4 Kxh3 60.Kd3 Bd4 61.Ke4 g4  0-1

[Event "St Petersburg vs Moscow"]
[Site "St Petersburg RUS"]
[Date "2005.06.14"]
[Round "1"]
[White "Krylov,M RUS"]
[Black "Lanin,A"]
[Result "0-1"]
[WhiteElo "2417"]
[BlackElo "2407"]

1.d4 Nf6 2.c4 e6 3.g3 c5 4.d5 exd5 5.cxd5 b5 6.Bg2 d6 7.a4 b4 8.Nd2 g6 9.Nc4 Ba6
10.b3 Bg7 11.Bb2 O-O 12.e3 Bxc4 13.bxc4 Nbd7 14.Ne2 Nb6 15.Qc2 a5 16.O-O Re8
17.e4 Rb8 18.Nc1 Nfd7 19.Bxg7 Kxg7 20.Nb3 Ne5 21.Nd2 Qf6 22.h3 b3 23.Nxb3 Nbxc4
24.Rae1 Na3 25.Qa2 Nec4 26.e5 Rxe5 27.Rxe5 Qxe5 28.Nxa5 Nxa5 29.Qxa3 Rb2
30.Qd3 c4 31.f4 Rxg2+ 32.Kxg2 Qb2+ 33.Rf2 Qxf2+ 34.Kxf2 cxd3 35.Ke3 Nb3 36.Kxd3 Nc5+  0-1

[Event "ch-SWE"]
[Site "Goeteborg SWE"]
[Date "2005.07.07"]
[Round "6"]
[White "Brynell,S"]
[Black "Carlsson,P"]
[Result "1/2-1/2"]
[WhiteElo "2484"]
[BlackElo "2394"]

1.d4 Nf6 2.c4 e6 3.g3 c5 4.d5 exd5 5.cxd5 b5 6.Bg2 d6 7.e4 Bb7 8.Nf3 Be7
9.O-O O-O 10.Re1 Re8 11.a4 Bf8 12.Nfd2 a6 13.b3 Nbd7 14.Bb2 Qb6 15.Na3 Ne5
16.Qe2 Rab8 17.Rab1 Bc8 18.h3 Qa5 19.axb5 axb5 20.Nc2 Ned7 21.Ra1 Qb6 22.Ne3 g6
23.Qd1 Bg7 24.Qc2 Bb7 25.Ng4 Ra8 26.Bc3 Rxa1 27.Rxa1 Nxg4 28.hxg4 Bxc3 29.Qxc3 b4
30.Qc2 Ba6 31.Bf1 Bxf1 32.Nxf1 Ne5 33.Ne3 Qb5 34.Kg2 Rc8 35.g5 c4 36.Nxc4 Nxc4
37.bxc4 Qxc4 38.Qxc4 Rxc4 39.Ra8+ Kg7 40.Kf3 Rc3+ 41.Kf4 Rc2 42.f3 b3 43.Rb8 b2
44.Ke3 h6 45.f4 hxg5 46.fxg5 Rg2 47.Kf3 Rc2 48.e5 Rd2 49.exd6 Rxd5 50.Rxb2  1/2-1/2

[Event "Viking GM"]
[Site "St Petersburg RUS"]
[Date "2005.07.16"]
[Round "10"]
[White "Yevseev,D"]
[Black "Brodsky,M"]
[Result "1/2-1/2"]
[WhiteElo "2537"]
[BlackElo "2554"]

1.d4 Nf6 2.c4 e6 3.g3 c5 4.Nf3 cxd4 5.Nxd4 Nc6 6.Bg2 Bc5 7.Nb3 Be7 8.Nc3 O-O
9.O-O b6 10.Nd4 Bb7 11.b3 d5 12.Nxc6 Bxc6 13.Bb2 Rc8 14.cxd5 exd5 15.Rc1 Bc5
16.Na4 Be7 17.Qd3 Qd7 18.Nc3 Rfd8 19.Rfd1 h5 20.e3 h4 21.Qf1 hxg3 22.hxg3 Qb7
23.Ne2 Bb5 24.Qe1 Rxc1 25.Rxc1 Bd3 26.Nf4 Be4 27.Qc3 Bxg2 28.Nxg2 Ne8 29.Qc6 Qxc6
30.Rxc6 f6 31.Nf4 Kf7 32.Bd4 Rd7 33.a4 Rc7 34.Rxc7 Nxc7 35.Kf1 Bc5 36.Bc3 Bd6
37.Ne2 Ne6 38.b4 a6 39.Ke1 Ke8 40.Kd1 Kd7 41.Kc2  1/2-1/2

[Event "MTO Open"]
[Site "Biel SUI"]
[Date "2005.07.18"]
[Round "1"]
[White "Potterat,M"]
[Black "Alekseev,Evgeny"]
[Result "0-1"]
[WhiteElo "2189"]
[BlackElo "2625"]

1.d4 Nf6 2.c4 e6 3.g3 c5 4.d5 exd5 5.cxd5 b5 6.Bg2 d6 7.a4 b4 8.Nd2 Be7 9.b3 O-O
10.Bb2 a5 11.Nc4 Nbd7 12.Nf3 Nb6 13.Nxb6 Qxb6 14.Nd2 Ba6 15.Rc1 Nd7 16.Nc4 Qd8
17.Qd2 Bxc4 18.Rxc4 Nb6 19.Rc1 c4 20.bxc4 Nxa4 21.Bd4 Bf6 22.O-O Bxd4 23.Qxd4 Nc5
24.Rce1 a4 25.e4 a3 26.e5 a2 27.e6 Qf6 28.Qxf6 gxf6  0-1

[Event "MTO Open"]
[Site "Biel SUI"]
[Date "2005.07.21"]
[Round "4"]
[White "Raetsky,A"]
[Black "Misiano,F"]
[Result "1-0"]
[WhiteElo "2453"]
[BlackElo "2256"]

1.d4 Nf6 2.c4 e6 3.g3 c5 4.Nf3 cxd4 5.Nxd4 Qb6 6.Bg2 Bc5 7.e3 Nc6 8.Nb3 Bb4+
9.Bd2 Ne5 10.Qe2 d5 11.cxd5 exd5 12.Bxb4 Qxb4+ 13.Nc3 Bg4 14.f3 Bd7 15.O-O O-O
16.Rad1 Rfe8 17.Rfe1 Nc4 18.Qf2 Bc6 19.Bf1 Re5 20.Bxc4 dxc4 21.Nd4 Bd7 22.e4 Rae8
23.Rd2 b5 24.Red1 Qe7 25.a3 a5 26.Nde2 Bc6 27.Qb6 Ba8 28.Qxa5 Qc5+ 29.Nd4 Bxe4
30.fxe4 Nxe4 31.Nxe4 Rxe4 32.Qxb5 Qe7 33.Kg2 Re3 34.Qd5 Qa7 35.Rf1 c3 36.bxc3 Rxc3
37.Nf5 Rxa3 38.Nd6 Rf8 39.Nxf7 Qa8 40.Qxa8 Raxa8 41.Ne5 Rxf1 42.Kxf1 Re8
43.Rd5 h6 44.Kf2 Kh7 45.Kf3  1-0

[Event "MTO Open"]
[Site "Biel SUI"]
[Date "2005.07.26"]
[Round "8"]
[White "Heedt,T"]
[Black "Masserey,Y"]
[Result "1-0"]
[WhiteElo "2175"]
[BlackElo "2338"]

1.d4 Nf6 2.c4 e6 3.g3 c5 4.d5 exd5 5.cxd5 b5 6.Bg2 d6 7.Nh3 g6 8.O-O Bg7
9.e4 O-O 10.e5 Ne8 11.e6 a6 12.Ng5 fxe6 13.Nxe6 Bxe6 14.dxe6 Ra7 15.Nc3 Kh8
16.Ne4 Qc8 17.Ng5 h6 18.Nf7+ Kh7 19.Re1 Rfxf7 20.exf7 Rxf7 21.Qd5 Rf8 22.Re7 Kh8
23.Qb7 Qxb7 24.Rxb7 Nf6 25.Bf4 Nbd7 26.Bxd6 Re8 27.Bc6 Re6 28.Rd1 Ne5 29.Bg2 c4
30.Rb8+ Kh7 31.Bxe5 Rxe5 32.Bf3 g5 33.g4 h5 34.h3 hxg4 35.hxg4 Ne4 36.Rd5 Re7
37.Rb7  1-0

[Event "HZ Open"]
[Site "Vlissingen NED"]
[Date "2005.08.12"]
[Round "7"]
[White "Peek,Mau"]
[Black "Volke,K"]
[Result "1-0"]
[WhiteElo "2366"]
[BlackElo "2477"]

1.d4 Nf6 2.c4 e6 3.g3 c5 4.Nf3 cxd4 5.Nxd4 a6 6.Bg2 Qc7 7.b3 Bb4+ 8.Bd2 Bc5
9.Bc3 d5 10.cxd5 Nxd5 11.Bb2 O-O 12.O-O Rd8 13.Nd2 Bxd4 14.Bxd4 Nc6 15.Bb2 e5
16.Rc1 Be6 17.Qe1 Qa5 18.a3 Ne3 19.Bc3 Nxg2 20.Bxa5 Nxe1 21.Bxd8 Rxd8 22.Ne4 Bd5
23.f3 Nxf3+ 24.exf3 Nd4 25.Rc7 Bc6 26.Nc5 b6 27.Ne4 f5 28.Nd2 Bb5 29.Nc4 Nxb3
30.Re1 Nd4 31.Nxe5 f4 32.Kf2 Ne6 33.Rc2 Nc5 34.gxf4 Rd4 35.Ke3 Ra4 36.Rc3 Ne6
37.Rc8+ Nf8 38.Rd1 Rxa3+ 39.Kf2  1-0

[Event "HZ Open"]
[Site "Vlissingen NED"]
[Date "2005.08.14"]
[Round "9"]
[White "Peek,Mau"]
[Black "Henrichs,T"]
[Result "1/2-1/2"]
[WhiteElo "2366"]
[BlackElo "2413"]

1.d4 Nf6 2.c4 e6 3.g3 c5 4.Nf3 d5 5.cxd5 exd5 6.Bg2 Nc6 7.O-O Be7 8.Nc3 O-O
9.Bg5 c4 10.Ne5 Be6 11.e3 Nd7 12.Nxc6 bxc6 13.Bxe7 Qxe7 14.Re1 Rab8 15.Rb1 Nb6
16.b3 Qd7 17.bxc4 Nxc4 18.Qa4 Rb6 19.Rb4 Rfb8 20.Reb1 h5 21.h4 Bh3 22.Rxb6 axb6
23.Re1 Bxg2 24.Kxg2 Nd6 25.Ne2 Qe8 26.Nf4 g6 27.Qb4 Nf5 28.Qb1 Nd6 29.Qb4 Qe4+
30.f3 Qe7 31.e4 dxe4 32.fxe4 Rd8 33.d5 cxd5 34.Nxd5 Qe5 35.Qxb6 Ra8 36.Qb3 Nxe4
37.Re2 Rd8 38.Nf4 Qf5 39.Qe3 Nf6 40.Qe5 Qxe5 41.Rxe5 Ra8 42.Re2 Ra3 43.Nh3 Nd5
44.Ng5 Ne3+ 45.Kf2 Nf5 46.Nf3 Kg7 47.Rb2  1/2-1/2

[Event "ch-AUT Qualifier"]
[Site "Gmunden AUT"]
[Date "2005.08.18"]
[Round "6"]
[White "Mittendorfer,J"]
[Black "Lenz,A"]
[Result "1-0"]
[WhiteElo "2104"]
[BlackElo "2190"]

1.d4 Nf6 2.c4 e6 3.g3 c5 4.Nf3 cxd4 5.Nxd4 Qc7 6.Nc3 a6 7.e3 Be7 8.Qe2 b6
9.Bg2 Bb7 10.e4 d6 11.O-O Nbd7 12.Bd2 Rc8 13.b3 O-O 14.f4 Rfe8 15.h3 Bf8
16.g4 g6 17.Rae1 e5 18.Nc2 b5 19.f5 bxc4 20.b4 d5 21.exd5 Bxb4 22.Nxb4 Qc5+
23.Kh1 a5 24.Nc2 Nxd5 25.fxg6 hxg6 26.Qf3  1-0

[Event "2nd Dato' Arthur Tan Malaysian Open"]
[Site "Kuala Lumpur MAS"]
[Date "2005.08.26"]
[Round "11"]
[White "Adianto,U"]
[Black "Nguyen Anh Dung"]
[Result "1/2-1/2"]
[WhiteElo "2588"]
[BlackElo "2555"]

1.d4 Nf6 2.c4 e6 3.g3 c5 4.Nf3 cxd4 5.Nxd4 d5 6.Bg2 e5 7.Nb3 d4 8.O-O Nc6
9.Bg5 Be7 10.e3 Bg4 11.Bf3 Bh3 12.Re1 dxe3 13.Bxe3 e4 14.Qxd8+ Rxd8 15.Bh1 Nb4
16.Na3 Nd3 17.Re2 Nxb2 18.Bc5 Na4 19.Bxe7 Kxe7 20.Rc1 Rd7 21.Bg2 Bxg2 22.Kxg2 b6
23.c5 Nxc5 24.Nxc5 bxc5 25.Rxc5 Rb8 26.Nc4 Rb1 27.g4 h6 28.Re3 g6 29.Rc8 Rb5
30.h3 Rd8 31.Rc7+ Rd7 32.Rc8  1/2-1/2

[Event "Open A"]
[Site "Hamburg GER"]
[Date "2005.10.03"]
[Round "3"]
[White "Schmidt Brauns,R"]
[Black "Floor,D"]
[Result "1/2-1/2"]
[WhiteElo "2053"]
[BlackElo "2222"]

1.d4 Nf6 2.c4 e6 3.g3 c5 4.Nf3 cxd4 5.Nxd4 Qc7 6.b3 a6 7.Bg2 Be7 8.O-O O-O
9.Bb2 d6 10.Nc3 Bd7 11.Rc1 Rd8 12.e4 Be8 13.Qe2 Nc6 14.Rfd1 Nxd4 15.Rxd4 Rac8
16.Rcd1 Qb8 17.h3 b5 18.cxb5 axb5 19.b4 Rc4 20.a3 Rdc8 21.Qe3 R8c7 22.e5 dxe5
23.Qxe5 Nd7 24.Qe2 Nf6 25.Qe5 Nd7 26.Qe2 Nf6 27.Qe5  1/2-1/2

[Event "2nd Bundesliga Ost 2005-6"]
[Site "Austria AUT"]
[Date "2005.10.09"]
[Round "2"]
[White "Riedner,M"]
[Black "Zsifkovits,R"]
[Result "1-0"]
[WhiteElo "2233"]
[BlackElo "2224"]

1.d4 Nf6 2.c4 e6 3.g3 c5 4.d5 exd5 5.cxd5 d6 6.Nc3 g6 7.Bg2 Bg7 8.Nf3 O-O
9.O-O Re8 10.Nd2 Nbd7 11.h3 a6 12.a4 b6 13.Rb1 Rb8 14.b4 cxb4 15.Rxb4 Nc5
16.Nf3 b5 17.Nd4 Bd7 18.Bf4 bxa4 19.Qb1 Nb3 20.Nc6 Bxc6 21.Rxb8 Qxb8 22.dxc6 Qb4
23.Rc1 a5 24.Rc2 Rc8 25.Na2 Qd4 26.e3 Qd3 27.Bf1 Qd5 28.Bg2 Qe6 29.Nc3 Nc5
30.Rd2 Ne8 31.Nb5 Rb8 32.Qf1 Rd8 33.Qd1 Ne4 34.Rc2 Rc8 35.Qd3 Nc5 36.Qc4 Qe7
37.Nxd6 Nxd6 38.Qxc5 Bf8 39.Qxa5 a3 40.Qxa3 Qe6 41.Qd3 h6 42.Bd5 Qf6 43.e4 Qd8
44.Rd2 Qb6 45.e5 Nf5 46.e6 Bb4 47.exf7+ Kh7 48.Rc2 Bd6 49.Bxd6 Nxd6  1-0

[Event "12th Young Masters"]
[Site "Zug SUI"]
[Date "2005.10.14"]
[Round "7"]
[White "Kuemin,S"]
[Black "Berkvens,J"]
[Result "0-1"]
[WhiteElo "2373"]
[BlackElo "2430"]

1.d4 Nf6 2.c4 e6 3.g3 c5 4.Nf3 cxd4 5.Nxd4 Nc6 6.Bg2 Qb6 7.Nc2 d5 8.cxd5 exd5
9.O-O Be6 10.b3 Rd8 11.Bg5 Be7 12.Nc3 h6 13.Na4 Qa6 14.Be3 Bg4 15.Nc5 Qb5
16.a4 Qxe2 17.Qxe2 Bxe2 18.Rfe1 Bg4 19.Nxb7 Rb8 20.Nc5 O-O 21.h3 Bh5 22.Nd4 Rfc8
23.Na6 Nxd4 24.Nxb8 Nxb3 25.Rab1 Rxb8 26.Bf4 Rb7 27.Re3 g5 28.Be5 Nc5 29.Rxb7 Nxb7
30.Bd4 Kf8 31.Bxa7 Bd1 32.Rc3 Bxa4 33.Rc8+ Be8 34.Bd4 Ne4 35.Bxe4 dxe4 36.Bg7+ Kxg7
37.Rxe8 Kf6 38.Rh8 Kg7 39.Re8 Kf6 40.Rh8 Nd6 41.Rxh6+ Kg7 42.Rh5 f5 43.g4 Bf6
44.h4 gxh4 45.gxf5 Nc4 46.Kf1 Nb6 47.Ke2 Nd5 48.Kd2 Nf4 49.Rxh4 Bxh4 50.Ke3 Bg5
51.Kxe4 Kf6 52.f3 Bh6 53.Kd4 Kxf5 54.Kc5 Ke5 55.Kc6 Ne6 56.Kb6 Kd5 57.Kb7 Bf4
58.Kb6 Nd4 59.Kb7 Nxf3 60.Kb6 Nd4 61.Kb7 Ne6 62.Kb6 Be3+ 63.Kb7 Kd6 64.Kc8 Kc6
65.Kb8 Nc7 66.Kc8 Ba7 67.Kd8 Nd5 68.Ke8 Kd6 69.Kf7 Ne7 70.Kf6 Be3  0-1

[Event "Femida"]
[Site "Kharkiv UKR"]
[Date "2005.10.23"]
[Round "8"]
[White "Burmakin,V"]
[Black "Firman,N"]
[Result "1/2-1/2"]
[WhiteElo "2508"]
[BlackElo "2466"]

1.d4 Nf6 2.c4 e6 3.g3 c5 4.d5 exd5 5.cxd5 d6 6.Nc3 Na6 7.Bg2 Rb8 8.Nf3 b5
9.O-O Be7 10.Re1 O-O 11.e4 Bg4 12.h3 Bxf3 13.Bxf3 Nd7 14.Be2 Nc7 15.Bf4 b4
16.Nb1 Nb6 17.Nd2 Bg5 18.Bxg5 Qxg5 19.Bd3 Qh6 20.Kg2 Rfe8 21.Nf1 c4 22.Rc1 Ncxd5
23.Bxc4 Nxc4 24.Rxc4 Qe6 25.Rd4 Nb6 26.Rxb4 d5 27.Qf3 Qe5 28.Nd2 Nc4 29.Nxc4 dxc4
30.Rxc4 Rxb2 31.a3 f5 32.Qd3 f4 33.g4 f3+ 34.Kg1 h5 35.Rb4 Rxb4 36.axb4 hxg4
37.hxg4 Qf4 38.Qd5+ Kf8 39.Qf5+ Qxf5 40.gxf5 Rb8 41.Kh2 Rxb4 42.Kg3 a5 43.Kxf3 a4
44.Rc1 Rb8 45.Ra1 Rb3+ 46.Kf4 a3 47.e5 Rb4+ 48.Kg5 Ra4 49.Ra2 Kf7 50.f3 Ra5
51.e6+ Kf8 52.Kg6 Ra6 53.f4 Ra4 54.f6 gxf6  1/2-1/2

[Event "Chigorin Mem"]
[Site "St Petersburg RUS"]
[Date "2005.10.23"]
[Round "9"]
[White "Minina,V"]
[Black "Sudarkin,G"]
[Result "1-0"]
[WhiteElo "2063"]
[BlackElo "2177"]

1.d4 Nf6 2.c4 e6 3.g3 c5 4.d5 b5 5.Bg2 exd5 6.cxd5 d6 7.a4 b4 8.Nd2 a5 9.e4 Nbd7
10.Qc2 Ra7 11.Ngf3 Be7 12.O-O O-O 13.Re1 Re8 14.b3 Nb6 15.Nc4 Nfd7 16.Nfd2 Bf6
17.Bb2 Bxb2 18.Nxb2 Ba6 19.Re3 Nf6 20.h3 Rae7 21.Rae1 Qc7 22.Bf1 Bxf1 23.Kxf1 Nfd7
24.Nbc4 Nxc4 25.Nxc4 Ne5 26.Nxe5 Rxe5 27.Qe2 Rc8 28.f4 Ree8 29.Qc4 Qd7 30.Kg2 Red8
31.Rd1 Re8 32.e5 Rcd8 33.e6 Qb7 34.Rde1 f6 35.e7 Rc8 36.Qe4 Qd7 37.Qc4 Rc7
38.Re6 Rb7 39.Qa6 Ra7 40.Qb6 Qc7 41.Qb5 Qd7 42.Rxd6 Qxb5 43.axb5 Rexe7 44.Rxe7 Rxe7
45.Rc6 Rb7 46.d6 Kf8 47.Rc8+  1-0